Statistics for Aircraft quiz

Click here to take the quiz!

General Stats

  • This quiz has been taken 62 times
  • The average score is 11 of 15

Answer Stats

QuestionAnswer% Correct
The Concorde was made by...Britain and France
98%
Which airline operates the most A380`sEmirates
88%
Which Air France flight crashed in Paris and killed all 109 people on board in 2000 (Note: the incorrect answers are not real crashes, only the correct answer was a real incident)Flight 4590 (Concorde)
85%
Ted Stevens Anchorage Airport is located in....Alaska
83%
The largest plane in the world is.....Antonov-225
83%
Which airline does not operate the A380American Airlines
79%
Which airport is not located in England?Kings Ford Smith
77%
When did British Airways fly their first B747?1970
73%
The first jet liner was the....Comet
73%
The A380 can carry up to...550-853 passengers
71%
Airbus is...Dutch, German, British, French and Spanish
71%
How many people died in 1977 in the Tenerife Airport disaster?583
52%
Did you like this quiz?Yes, I loved it
52%
The Tupolev-144`s only route was..Moscow-Almaty
48%
British Airways was founded in....1919
40%

Score Distribution

Percentile by Number Answered

Percent of People with Each Score

Your Score History

You have not taken this quiz